000
00181 a2200097 4500
020
_a
9788483433041
041
_a
spa
100
_a
Gil, Carmen
245
_a
Teo y Luna
942
_c
BK
999
_c
14756
_d
14756